=LDR 00000nam 2200000 4500 =001 INLIS000000000050728 =005 20170516065020 =035 ##$$a 0010-0517000381 =007 ta =008 170516###########################0###### =020 ##$$a 979 - 8451 - 12 - 0 =082 ##$$a 900 =084 ##$$a 900 ALI p =100 #$$a Ali, R.Moh. =245 1#$$a Pengantar ilmu sejarah Indonesia /$c R.Moh.Ali =250 ##$$a Cet.1 =260 ##$$a Yogyakarta :$b LKIS Printing Cemerlang,$c 2005 =300 ##$$a xx, 412 hlm : $b ilus ; $c 21 cm =650 ##$$a SEJARAH INDONESIA =990 ##$$a 84858485 =990 ##$$a 84858485 =990 ##$$a 31701463 =990 ##$$a 02201708485 =990 ##$$a 31701464 =990 ##$$a 31701463